Toutes les gares SNCF depuis Paris-Austerlitz - Statistiques

Statistiques générales
  • Ce quiz a été pris 137 fois
  • Le résultat moyen est 51 sur 112
Statistiques - réponses
Département Gare % Correct
1 Loiret Orléans
93%
4 Haute-Garonne Toulouse-Matabiau
85%
2 Indre-et-Loire Tours
85%
12 Loire-Atlantique Nantes
83%
4 Haute-Vienne Limoges-Bénédictins
81%
13 Ille-et-Vilaine Rennes
77%
4 Corrèze Brive-la-Gaillarde
76%
12 Maine-et-Loire Angers-Saint-Laud
75%
9 Alpes-Maritimes Nice
75%
13 Eure-et-Loir Chartres
75%
13 Sarthe Le Mans
74%
2 | 12 Loir-et-Cher Blois-Chambord
73%
9 Bouches-du-Rhône Marseille-Blancarde
73%
6 Pyrénées-Orientales Perpignan
73%
13 Yvelines Versailles-Chantiers
70%
5 Cher Bourges
69%
4 Lot Cahors
69%
5 Nièvre Nevers
69%
4 Tarn-et-Garonne Montauban-Ville-Bourbon
69%
9 Var Toulon
69%
11 Cantal Aurillac
68%
4 | 5 Cher Vierzon
68%
4 Indre Châteauroux
68%
13 Essonne Massy-Palaiseau
68%
8 Hautes-Pyrénées Tarbes
66%
3 Loir-et-Cher Vendôme
66%
13 Mayenne Laval
66%
9 Alpes-Maritimes Cannes
63%
8 Pyrénées-Atlantiques Pau
63%
1 Essonne Etampes
62%
10 Hautes-Alpes Briançon
61%
6 Aude Narbonne
61%
7 Ariège Foix
60%
10 Hautes-Alpes Gap
60%
2 | 12 Indre-et-Loire Saint-Pierre-des-Corps
60%
6 Hérault Béziers
59%
1 | 2 | 4 | +4 others Loiret Les Aubrais
58%
8 Hautes-Pyrénées Lourdes
57%
8 Landes Dax
56%
6 Hérault Sète
55%
4 Creuse La Souterraine
53%
9 Alpes-Maritimes Antibes
52%
3 Eure-et-Loir Châteaudun
51%
9 Var Saint-Raphaël-Valescure
51%
12 Maine-et-Loire Saumur
50%
12 Essonne Juvisy
47%
9 Var Les Arcs-Draguignan
47%
8 Pyrénées-Atlantiques Bayonne
46%
7 Ariège Pamiers
45%
6 Pyrénées-Orientales Cerbère
44%
4 Indre Issoudun
43%
6 Hérault Agde
42%
3 Essonne Dourdan
40%
6 Pyrénées-Orientales Argelès-sur-Mer
39%
6 Hérault Montpellier-Saint-Roch
39%
2 Indre-et-Loire Amboise
38%
4 Indre Argenton-sur-Creuse
37%
7 Pyrénées-Orientales Latour de Carol-Enveitg
37%
4 Lot Gourdon
37%
8 Pyrénées-Atlantiques Orthez
37%
5 Loir-et-Cher Salbris
37%
10 Drôme Die
36%
6 Gard Nîmes-Centre
34%
6 Pyrénées-Orientales Collioure
32%
10 Hautes-Alpes Embrun
31%
4 Lot Souillac
30%
1 Essonne Angerville
28%
6 Pyrénées-Orientales Banyuls-sur-Mer
28%
4 Corrèze Uzerche
28%
10 Hautes-Alpes Veynes-Dévoluy
28%
7 Ariège Ax-les-Thermes
26%
1 Loiret Artenay
25%
4 Tarn-et-Garonne Caussade
25%
1 Essonne Monerville
25%
1 Loiret Cercottes
24%
10 Drôme Crest
24%
1 Essonne Guillerval
23%
10 Hautes-Alpes Mont-Dauphin-Guillestre
23%
11 Lot Saint-Denis-près-Martel
23%
7 Ariège Tarrascon-sur-ariège
23%
1 Loiret Toury
23%
7 Pyrénées-Orientales Andorre-l'Hospitalet
22%
10 Hautes-Alpes L'Argentière-Les Ecrins
22%
2 Loir-et-Cher Onzain-Chaumont-sur-Loire
22%
3 Eure-et-Loir Voves
22%
1 Loiret Boisseaux
21%
1 Loiret Château-Gaillard
21%
3 Eure-et-Loir Auneau
20%
10 Hautes-Alpes Chorges
20%
1 Loiret Chevilly
18%
6 Pyrénées-Orientales Elne
18%
7 Pyrénées-Orientales Porté-Puymorens
18%
6 Pyrénées-Orientales Port-Vendres
18%
7 Haute-Garonne Auterive
15%
3 Eure-et-Loir Bonneval
13%
7 Ariège Luzenac-Garanou
13%
7 Ariège Saverdun
12%
3 Eure-et-Loir Cloyes
10%
7 Pyrénées-Orientales Mérens-les-Vals
10%
11 Lot Bretenoux-Biars
8%
3 Loir-et-Cher Fréteval-Morée
8%
3 Loir-et-Cher Pezou
8%
11 Cantal Laroquebrou
6%
Aucun quiz correspondant
Distribution des résultats
% des personnes avec chaque résultat
Percentile par nombre de réponses
Votre historique - résultats
Vous n’avez pas pris ce quiz